[Event "Cto Aragón Equipos Pref Gr II"]
[Site "Aragon"]
[Date "2014.02.22"]
[Round "5.66"]
[White "Alonso Blasco, Jose Miguel"]
[Black "Sebastian Bespin, Ruben"]
[Result "1/2-1/2"]
[WhiteElo "2105"]
[BlackElo "2153"]
[PlyCount "96"]
[EventDate "2014.??.??"]
[WhiteTeam "Las Fuentes"]
[BlackTeam "Marcos Frechin"]

1. e4 e6 2. d4 d5 3. Nd2 Nf6 4. e5 Nfd7 5. c3 c5 6. Bd3 Nc6 7. Ne2 Qb6 8. Nf3
cxd4 9. cxd4 f6 10. exf6 Nxf6 11. O-O Bd6 12. b3 O-O 13. Bf4 Bxf4 14. Nxf4 Ne4
15. g3 Nxd4 16. Bxe4 dxe4 17. Qxd4 exf3 18. Qxb6 axb6 19. Rfe1 g5 20. Nxe6 Bxe6
21. Rxe6 Rfe8 22. Rxe8+ Rxe8 23. g4 b5 24. h3 Re2 25. Rd1 Rxa2 26. Rd5 b4 27.
Rxg5+ Kf7 28. Rb5 Ra7 29. Kh2 Ke6 30. Kg3 Kd6 31. Rxb4 Kc6 32. Rc4+ Kb5 33. Rc7
h6 34. h4 Kb4 35. g5 hxg5 36. hxg5 Kxb3 37. g6 Ra1 38. Rxb7+ Kc4 39. Kxf3 Kd5
40. g7 Rg1 41. Kf4 Ke6 42. f3 Kf6 43. Ke3 Rg2 44. Ra7 Ke6 45. f4 Kf6 46. Kf3
Rg1 47. Ke4 Re1+ 48. Kd4 Rd1+ 1/2-1/2

[Event "Cto Aragón Equipos Pref Gr II"]
[Site "Aragon"]
[Date "2014.02.22"]
[Round "5.67"]
[White "Portero Garnica, Miguel Angel"]
[Black "Mombiela De Sus, Jose Luis"]
[Result "1-0"]
[WhiteElo "2124"]
[BlackElo "2050"]
[PlyCount "87"]
[EventDate "2014.??.??"]
[WhiteTeam "Marcos Frechin"]
[BlackTeam "Las Fuentes"]

1. e4 e6 2. d4 d5 3. e5 c5 4. Nf3 Nc6 5. Bd3 cxd4 6. O-O f6 7. Bb5 Bd7 8. Bxc6
bxc6 9. Qxd4 Qb6 10. Qf4 Qb8 11. Re1 Nh6 12. Qd4 Nf5 13. Qd3 Qb5 14. exf6 Qxd3
15. fxg7 Bxg7 16. cxd3 Nd4 17. Nxd4 Bxd4 18. Nd2 O-O 19. Nf3 Bg7 20. Ne5 Be8
21. d4 Rb8 22. b3 Rf5 23. g4 Bxe5 24. gxf5 Bxd4 25. Bf4 Rd8 26. Rad1 e5 27.
Bxe5 Bxe5 28. Rxe5 d4 29. b4 Bf7 30. a3 d3 31. Rc5 Bh5 32. Rd2 Bf3 33. h3 h5
34. Rc3 Be4 35. f3 Bxf5 36. Rxc6 Rd7 37. Rh6 Bxh3 38. Rxh5 Be6 39. Kf2 Kg7 40.
Ke3 Kg6 41. Rc5 Bf5 42. Rg2+ Kf6 43. Kd2 Bg6 44. Rc6+ 1-0

[Event "Cto Aragón Equipos Pref Gr II"]
[Site "Aragon"]
[Date "2014.02.22"]
[Round "5.68"]
[White "Javierre Conesa, Alfonso"]
[Black "Fabre Perez, Jose Maria"]
[Result "0-1"]
[WhiteElo "1989"]
[BlackElo "2084"]
[PlyCount "94"]
[EventDate "2014.??.??"]
[WhiteTeam "Las Fuentes"]
[BlackTeam "Marcos Frechin"]

1. d4 e6 2. c4 Nf6 3. Nf3 d5 4. Nc3 Bb4 5. e3 Ne4 6. Qc2 c5 7. a3 Bxc3+ 8. bxc3
Qa5 9. Bd2 Bd7 10. Bd3 Ba4 11. Qb2 Nc6 12. O-O O-O 13. cxd5 exd5 14. c4 Nxd2
15. Nxd2 cxd4 16. exd4 dxc4 17. Bxc4 Nxd4 18. Qxd4 Rad8 19. Qb2 Qxd2 20. Qxb7
Qf4 21. Qb4 Bc6 22. Rad1 a5 23. Qb3 Rb8 24. Qd3 Qg5 25. Qg3 Qc5 26. Rc1 Qb6 27.
Rfe1 Rbd8 28. Qe3 Qb7 29. Qg3 Rd4 30. Bf1 h5 31. Rc5 Rg4 32. Qh3 g6 33. f3 Bxf3
34. Rc3 Qb6+ 35. Kh1 Qf2 36. Rce3 Bd5 37. R3e2 Qf4 38. Qc3 Rh4 39. Qe5 Bc4 40.
Qxf4 Rxf4 41. Re5 Rxf1+ 42. Rxf1 Bxf1 43. Rxa5 Rb8 44. Kg1 Rb1 45. Kf2 Ra1 46.
Ra7 Bb5 47. h4 Ra2+ 0-1

[Event "Cto Aragón Equipos Pref Gr II"]
[Site "Aragon"]
[Date "2014.02.22"]
[Round "5.69"]
[White "Gracia Campo, Carlos Alberto"]
[Black "Planas Torrea, Francisco Javie"]
[Result "1/2-1/2"]
[WhiteElo "2049"]
[BlackElo "2034"]
[PlyCount "72"]
[EventDate "2014.??.??"]
[WhiteTeam "El Olivar C"]
[BlackTeam "Ejea"]

1. e4 c6 2. d4 d5 3. exd5 cxd5 4. c4 Nf6 5. Nc3 e6 6. Nf3 Bb4 7. a3 Bxc3+ 8.
bxc3 Ne4 9. Qb3 Nc6 10. Bd3 Qa5 11. Bxe4 dxe4 12. Nd2 e3 13. fxe3 Qg5 14. Kf2
O-O 15. Rf1 Qf5+ 16. Kg1 Qd3 17. Rf3 e5 18. e4 Qe2 19. d5 Na5 20. Qb4 b6 21. c5
Bg4 22. Rf2 Qe1+ 23. Nf1 f5 24. Bb2 Qxe4 25. Qxe4 fxe4 26. Ne3 Rxf2 27. Kxf2
Rf8+ 28. Ke1 Bh5 29. c6 Nb3 30. d6 Nc5 31. g4 Nd3+ 32. Kd2 Rf2+ 33. Kd1 Nxb2+
34. Kc1 Nd3+ 35. Kd1 Nb2+ 36. Kc1 Nd3+ 1/2-1/2

[Event "Cto Aragón Equipos Pref Gr II"]
[Site "Aragon"]
[Date "2014.02.22"]
[Round "5.71"]
[White "Bayod Rubia, Angel"]
[Black "Planas Torrea, Alberto"]
[Result "1-0"]
[WhiteElo "2002"]
[BlackElo "1920"]
[PlyCount "73"]
[EventDate "2014.??.??"]
[WhiteTeam "El Olivar C"]
[BlackTeam "Ejea"]

1. e4 e5 2. Nf3 Nc6 3. d4 exd4 4. Nxd4 Bc5 5. Be3 Qf6 6. c3 Nge7 7. Nc2 d6 8.
Bxc5 dxc5 9. Ne3 Be6 10. Bb5 Qg6 11. Nd2 O-O-O 12. Bxc6 Nxc6 13. Qe2 Rhe8 14.
f4 f5 15. e5 Qf7 16. Nf3 h6 17. O-O Qh5 18. Qf2 g5 19. Ne1 Nxe5 20. fxe5 f4 21.
N3c2 Bc4 22. Qf3 g4 23. Qxf4 Bxf1 24. Qxf1 Rxe5 25. Nd3 Rf5 26. Nf4 Qf7 27. g3
h5 28. Ne3 Re5 29. Nc4 Re4 30. b3 h4 31. Re1 Rxe1 32. Qxe1 Re8 33. Qd1 Qf5 34.
Kf2 hxg3+ 35. hxg3 Rh8 36. Ne3 Rd8 37. Qxd8+ 1-0

[Event "Cto Aragón Equipos Pref Gr II"]
[Site "Aragon"]
[Date "2014.02.22"]
[Round "5.72"]
[White "Galvez Longas, Isaac"]
[Black "Labrador Postigo, Francisco M"]
[Result "0-1"]
[WhiteElo "1708"]
[BlackElo "1911"]
[PlyCount "81"]
[EventDate "2014.??.??"]
[WhiteTeam "Ejea"]
[BlackTeam "El Olivar C"]

1. c4 e5 2. Nc3 Nf6 3. g3 g6 4. Bg2 Bg7 5. e4 O-O 6. Nge2 d6 7. O-O Nc6 8. d3
a6 9. f4 Bg4 10. h3 Bxe2 11. Nxe2 exf4 12. Bxf4 Nd7 13. Qd2 Nde5 14. a3 Qe7 15.
Rac1 Rae8 16. Nc3 Nd4 17. Nd5 Qd8 18. Rce1 c6 19. Nc3 b5 20. Be3 Nb3 21. Qd1
bxc4 22. dxc4 Nc5 23. Bxc5 dxc5 24. Qe2 Qg5 25. Kh2 Rd8 26. Rd1 Rd4 27. Rxd4
cxd4 28. Nb1 c5 29. Nd2 Rb8 30. Nf3 Qe3 31. Re1 Rb3 32. Qxe3 dxe3 33. Nxe5 Bxe5
34. Bf3 Rxb2+ 35. Bg2 Bd4 36. g4 Ra2 37. Kg3 Rxa3 38. Kf3 Ra2 39. Bf1 Rf2+ 40.
Kg3 g5 41. Bg2 0-1

[Event "Cto Aragón Equipos Div Honor Gr I"]
[Site "Aragon"]
[Date "2014.03.01"]
[Round "6.2"]
[White "Villuendas Valero, Adrian"]
[Black "Accattato Martin, Mario"]
[Result "1/2-1/2"]
[WhiteElo "2276"]
[BlackElo "2232"]
[PlyCount "75"]
[EventDate "2014.??.??"]
[EventCountry "ESP"]
[WhiteTeam "St. Casablanca B"]
[BlackTeam "Jaque"]

1. Nf3 b6 2. e4 Bb7 3. Nc3 e6 4. d4 Nf6 5. Bd3 Bb4 6. Qe2 d5 7. exd5 Bxc3+ 8.
bxc3 Qxd5 9. O-O O-O 10. a4 Nbd7 11. a5 Qh5 12. Nd2 Qxe2 13. Bxe2 Ne4 14. Ra3
Ndf6 15. Bd3 Rfd8 16. Re1 Nd6 17. f3 Rac8 18. Ne4 Nfxe4 19. fxe4 c5 20. e5 Nf5
21. axb6 axb6 22. Ra7 Bc6 23. Bxf5 exf5 24. Be3 Be4 25. Ra6 h6 26. Rxb6 cxd4
27. Bxd4 Rb8 28. Reb1 Rxb6 29. Rxb6 Ra8 30. e6 fxe6 31. Rxe6 Ra1+ 32. Kf2 Rc1
33. Rg6 Rxc2+ 34. Ke3 Rxg2 35. Rxg2 Bxg2 36. Kf4 Be4 37. h4 Kf7 38. Bb6 1/2-1/2

[Event "Cto Aragón Equipos Div Honor Gr I"]
[Site "Aragon"]
[Date "2014.03.01"]
[Round "6.3"]
[White "Abos Rosico, Antonio"]
[Black "Gomez Anadon, Daniel"]
[Result "0-1"]
[WhiteElo "2073"]
[BlackElo "2244"]
[PlyCount "88"]
[EventDate "2014.??.??"]
[EventCountry "ESP"]
[WhiteTeam "Jaque"]
[BlackTeam "St. Casablanca B"]

1. e4 c5 2. Nf3 d6 3. d4 Nf6 4. Nc3 cxd4 5. Qxd4 e5 6. Bb5+ Nbd7 7. Qd3 h6 8.
Be3 Be7 9. a4 O-O 10. O-O Qc7 11. a5 Nc5 12. Bxc5 Qxc5 13. Qc4 Qxc4 14. Bxc4
Be6 15. Ra4 Rfc8 16. Nd2 Rc7 17. Bxe6 fxe6 18. Nc4 Rac8 19. Ne3 a6 20. g3 g5
21. Rd1 Rc5 22. Kg2 Kf7 23. Kf3 Nd7 24. Ne2 Nf6 25. c4 g4+ 26. Kg2 Nxe4 27.
Nxg4 Rxc4 28. Nxh6+ Kg6 29. Rxc4 Rxc4 30. Ng4 Rc2 31. Re1 Nc5 32. Kf3 Rxb2 33.
h4 e4+ 34. Ke3 Kh5 35. Nh2 Nd3 36. Rh1 d5 37. Nd4 Nxf2 38. Rf1 Bc5 39. Rc1 Nd3
40. g4+ Kxh4 41. Nhf3+ Kxg4 42. Rg1+ Kh3 43. Rh1+ Kg3 44. Rg1+ Rg2 0-1

[Event "Cto Aragón Equipos Div Honor Gr I"]
[Site "Aragon"]
[Date "2014.03.01"]
[Round "6.5"]
[White "Colas Longares, Rafael P"]
[Black "Garcia Fernandez, Javier"]
[Result "1/2-1/2"]
[WhiteElo "2289"]
[BlackElo "2174"]
[PlyCount "67"]
[EventDate "2014.??.??"]
[EventCountry "ESP"]
[WhiteTeam "Caissa-Hnos Cortes"]
[BlackTeam "Teruel"]

1. e4 c5 2. Nf3 g6 3. d4 cxd4 4. Qxd4 Nf6 5. e5 Nc6 6. Qa4 Nd5 7. Qe4 Nc7 8.
Nc3 Bg7 9. Bc4 b5 10. Bb3 Bb7 11. Bf4 Na5 12. Qe3 Nxb3 13. axb3 b4 14. Ne4 Nd5
15. Qd2 Nxf4 16. Qxf4 Qc7 17. O-O O-O 18. Ned2 a5 19. Qc4 Bxe5 20. Rfe1 Qxc4
21. Nxc4 Bf6 22. Rxa5 Bxf3 23. gxf3 Rxa5 24. Nxa5 e6 25. Re4 Rb8 26. Rc4 Bxb2
27. Rc7 Ra8 28. Nc4 Bc3 29. Rxd7 Ra1+ 30. Kg2 Ra2 31. Nd6 Rxc2 32. Nxf7 Rb2 33.
Ng5 Rxb3 34. Nxe6 1/2-1/2

[Event "Cto Aragón Equipos Div Honor Gr I"]
[Site "Aragon"]
[Date "2014.03.01"]
[Round "6.6"]
[White "Dominguez Bujeda, Jesus"]
[Black "Garcia Vicente, Nieves"]
[Result "0-1"]
[WhiteElo "2171"]
[BlackElo "2239"]
[PlyCount "82"]
[EventDate "2014.??.??"]
[EventCountry "ESP"]
[WhiteTeam "Teruel"]
[BlackTeam "Caissa-Hnos Cortes"]

1. c4 e6 2. Nc3 d5 3. cxd5 exd5 4. d4 c5 5. Nf3 Nc6 6. g3 c4 7. Bg2 Bb4 8. O-O
Nge7 9. Bf4 O-O 10. Ne5 Bf5 11. Nxc6 bxc6 12. Rc1 Ng6 13. Bd2 Rb8 14. Na4 Qa5
15. Bxb4 Rxb4 16. b3 Re8 17. Re1 Nf8 18. e4 dxe4 19. Rxc4 Rxc4 20. bxc4 Bg4 21.
Qxg4 Qxe1+ 22. Bf1 e3 23. fxe3 Qxe3+ 24. Kg2 Re4 25. Qf3 Qd2+ 26. Qf2 Rxd4 27.
Nc5 Qxf2+ 28. Kxf2 Rd2+ 29. Ke3 Rxa2 30. h4 Ra3+ 31. Bd3 Ng6 32. Kd4 Kf8 33. h5
Ne7 34. h6 gxh6 35. g4 Ra5 36. Bxh7 Ke8 37. Be4 Ra1 38. Ke5 Rd1 39. Bd3 a5 40.
Be4 Re1 41. Kd6 a4 0-1

[Event "Cto Aragón Equipos Div Honor Gr I"]
[Site "Aragon"]
[Date "2014.03.01"]
[Round "6.7"]
[White "Gil Capape, Marco Antonio"]
[Black "Martin Catalan, Juan Vicente"]
[Result "1/2-1/2"]
[WhiteElo "2061"]
[BlackElo "2102"]
[PlyCount "64"]
[EventDate "2014.??.??"]
[EventCountry "ESP"]
[WhiteTeam "Caissa-Hnos Cortes"]
[BlackTeam "Teruel"]

1. e4 c5 2. Nc3 Nc6 3. f4 g6 4. Nf3 Bg7 5. Bb5 Nd4 6. O-O Nxb5 7. Nxb5 d5 8.
exd5 a6 9. Nc3 Nf6 10. d4 cxd4 11. Qxd4 O-O 12. Ne5 Bf5 13. Rf2 Qd6 14. h3 h5
15. a4 Rfd8 16. b3 Nxd5 17. Ba3 Qe6 18. Nxd5 Rxd5 19. Qb4 Bxe5 20. fxe5 Rxe5
21. Bb2 Re4 22. Qd2 Kh7 23. Rd1 f6 24. Rdf1 Qd7 25. Qa5 Qe6 26. Qd2 Rc8 27. Bc1
Kg8 28. c4 Rc5 29. Ba3 Rce5 30. Bb2 Rc5 31. Ba3 Rce5 32. Bb2 Rc5 1/2-1/2

[Event "Cto Aragón Equipos Div Honor Gr I"]
[Site "Aragon"]
[Date "2014.03.01"]
[Round "6.9"]
[White "Forcen Esteban, Daniel"]
[Black "Sanmartin Agustin, Borja"]
[Result "1-0"]
[WhiteElo "2501"]
[BlackElo "2024"]
[PlyCount "53"]
[EventDate "2014.??.??"]
[EventCountry "ESP"]
[WhiteTeam "Jaime Casas"]
[BlackTeam "El Olivar B"]

1. d4 Nf6 2. Nf3 c5 3. e3 e6 4. Bd3 Nc6 5. O-O Qc7 6. c4 d5 7. cxd5 Nxd5 8.
dxc5 Bxc5 9. a3 Bd6 10. g3 h5 11. Nbd2 h4 12. Nc4 Bxg3 13. hxg3 hxg3 14. Kg2
gxf2 15. Rh1 Rxh1 16. Qxh1 f1=Q+ 17. Bxf1 b5 18. e4 Nf4+ 19. Bxf4 Qxf4 20. Ncd2
Bb7 21. Qh8+ Ke7 22. Qxg7 Rd8 23. Rd1 Nd4 24. Nxd4 Bxe4+ 25. Nxe4 Qxe4+ 26. Kh2
Qf4+ 27. Kh1 1-0

[Event "Cto Aragón Equipos Div Honor Gr I"]
[Site "Aragon"]
[Date "2014.03.01"]
[Round "6.10"]
[White "Galve Guinea, Alejandro"]
[Black "Garza Marco, Sergio"]
[Result "0-1"]
[WhiteElo "2037"]
[BlackElo "2447"]
[PlyCount "38"]
[EventDate "2014.??.??"]
[EventCountry "ESP"]
[WhiteTeam "El Olivar B"]
[BlackTeam "Jaime Casas"]

1. d4 e6 2. Nf3 f5 3. c4 Nf6 4. Nc3 Bb4 5. Qc2 O-O 6. e3 b6 7. Bd3 Bb7 8. Bd2
Bxc3 9. Bxc3 Ne4 10. O-O-O d6 11. Ne1 Qh4 12. Nf3 Qxf2 13. Bxe4 Qxe3+ 14. Bd2
Qxe4 15. Qxe4 Bxe4 16. Ng5 Re8 17. d5 exd5 18. cxd5 Nd7 19. Bc3 Nc5 0-1

[Event "Cto Aragón Equipos Div Honor Gr I"]
[Site "Aragon"]
[Date "2014.03.01"]
[Round "6.11"]
[White "Antoli Royo, Joaquin Miguel"]
[Black "Sarto Ramos, Angel"]
[Result "1-0"]
[WhiteElo "2418"]
[BlackElo "1963"]
[PlyCount "77"]
[EventDate "2014.??.??"]
[EventCountry "ESP"]
[WhiteTeam "Jaime Casas"]
[BlackTeam "El Olivar B"]

1. e4 d6 2. d4 g6 3. Nc3 Bg7 4. f4 c5 5. d5 e5 6. dxe6 Bxc3+ 7. bxc3 Bxe6 8. c4
Nf6 9. Bd3 Nc6 10. Nf3 Bg4 11. h3 Bxf3 12. Qxf3 Nd4 13. Qf2 Qa5+ 14. Bd2 Qa3
15. O-O O-O-O 16. Rfb1 Nd7 17. c3 Nc6 18. Rb3 Qa6 19. Bc1 b6 20. Rab1 f5 21.
Ra3 Qb7 22. exf5 Ne7 23. fxg6 hxg6 24. Be2 Qe4 25. Rb2 a5 26. Qf1 d5 27. cxd5
Nxd5 28. Bf3 Qf5 29. Qa6+ Kc7 30. Qa7+ Kd6 31. Rd2 N7f6 32. Qxb6+ Ke7 33. Qxc5+
Kf7 34. Rxa5 Rhe8 35. Bxd5+ Rxd5 36. Rxd5 Re1+ 37. Kh2 Qe4 38. Ra7+ Kg8 39. Re5
1-0

[Event "Cto Aragón Equipos Div Honor Gr I"]
[Site "Aragon"]
[Date "2014.03.01"]
[Round "6.12"]
[White "Hernandez Delgado, Gabriel"]
[Black "Ramiro Ovejero, Juan Luis"]
[Result "1-0"]
[WhiteElo "1931"]
[BlackElo "2390"]
[PlyCount "63"]
[EventDate "2014.??.??"]
[EventCountry "ESP"]
[WhiteTeam "El Olivar B"]
[BlackTeam "Jaime Casas"]

1. d4 Nf6 2. Nf3 c5 3. c3 g6 4. Bf4 Bg7 5. Nbd2 O-O 6. e3 Nc6 7. h3 d5 8. Bd3
Nd7 9. Bg5 Qc7 10. O-O e5 11. dxe5 Ndxe5 12. Bf4 Qe7 13. Be2 Bf5 14. Nxe5 Nxe5
15. Nf3 Rfd8 16. Re1 Nc4 17. Qb3 a6 18. e4 Qxe4 19. Bc7 Rdc8 20. Qxb7 Nxb2 21.
Bf1 Qa4 22. Be5 Nc4 23. Bxg7 Kxg7 24. Bxc4 Qxc4 25. Ne5 Qh4 26. Qxf7+ Kh6 27.
Nf3 Qd8 28. Re7 Qh8 29. g4 Bxg4 30. hxg4 Rf8 31. Qxd5 Rf5 32. Kg2 1-0

[Event "Cto Aragón Equipos Div Honor Gr I"]
[Site "Aragon"]
[Date "2014.03.01"]
[Round "6.13"]
[White "Hefty, Jorge W"]
[Black "Guetas Sanchez, Hugo"]
[Result "1-0"]
[WhiteElo "2342"]
[BlackElo "2154"]
[PlyCount "55"]
[EventDate "2014.??.??"]
[EventCountry "ESP"]
[WhiteTeam "IberCaja"]
[BlackTeam "L´Aurora Estadilla"]

1. e4 Nf6 2. Nc3 e6 3. Nf3 d5 4. e5 Nfd7 5. d4 a6 6. Bf4 c5 7. dxc5 Bxc5 8. Bd3
Nc6 9. Qe2 Nd4 10. Nxd4 Bxd4 11. O-O Qc7 12. Rae1 Bxc3 13. bxc3 Qxc3 14. Qg4 g6
15. h4 Rg8 16. h5 Nc5 17. Re3 Qb4 18. hxg6 fxg6 19. Rh3 Bd7 20. a3 Qa4 21. Qg5
Nxd3 22. cxd3 Rg7 23. Rb1 Kf8 24. Qg3 Kg8 25. Rxb7 Rd8 26. Bg5 Rc8 27. Bf6 Rf7
28. Qxg6+ 1-0

[Event "Cto Aragón Equipos Div Honor Gr I"]
[Site "Aragon"]
[Date "2014.03.01"]
[Round "6.14"]
[White "Cabrera Moreno, Daniel"]
[Black "Baron Rodriguez, Jorge"]
[Result "1/2-1/2"]
[WhiteElo "2179"]
[BlackElo "2276"]
[PlyCount "55"]
[EventDate "2014.??.??"]
[EventCountry "ESP"]
[WhiteTeam "L´Aurora Estadilla"]
[BlackTeam "IberCaja"]

1. b3 e5 2. Bb2 Nc6 3. e3 Nf6 4. Bb5 Bd6 5. Na3 Na5 6. Nf3 Qe7 7. Qc1 c6 8. Be2
b6 9. d4 e4 10. Nd2 O-O 11. c4 Bc7 12. Qc2 Re8 13. Rc1 d5 14. Nab1 Bd7 15. cxd5
Nxd5 16. Nc3 Nxc3 17. Qxc3 Bd6 18. h4 Rac8 19. g3 Bb4 20. Qc2 c5 21. d5 f6 22.
O-O b5 23. Rfd1 Nb7 24. Bc3 Ba3 25. Bb2 Bb4 26. Bc3 Ba3 27. Bb2 Bb4 28. Bc3
1/2-1/2

[Event "Cto Aragón Equipos Div Honor Gr I"]
[Site "Aragon"]
[Date "2014.03.01"]
[Round "6.15"]
[White "Jimenez Fernandez, Alejandro"]
[Black "Solano Lasierra, Javier"]
[Result "0-1"]
[WhiteElo "2003"]
[BlackElo "2181"]
[PlyCount "102"]
[EventDate "2014.??.??"]
[EventCountry "ESP"]
[WhiteTeam "IberCaja"]
[BlackTeam "L´Aurora Estadilla"]

1. d4 Nf6 2. c4 c5 3. d5 Ne4 4. f3 Qa5+ 5. Nd2 Nd6 6. e4 g6 7. Bd3 b5 8. cxb5
c4 9. Be2 Bg7 10. Qc2 Nxb5 11. Rb1 O-O 12. f4 Nd4 13. Qc3 Qc7 14. e5 Nxe2 15.
Nxe2 Ba6 16. b4 d6 17. Bb2 Qb6 18. Qf3 Qxb4 19. Bc3 Qa3 20. O-O Nd7 21. e6 fxe6
22. Ne4 Nc5 23. Ng5 h6 24. Nxe6 Nxe6 25. dxe6 Rab8 26. Rbd1 Bb7 27. Qg3 Qc5+
28. Nd4 Be4 29. Qe3 d5 30. g4 Kh7 31. Ba1 Rb6 32. f5 gxf5 33. gxf5 Bf6 34. Kf2
Bh4+ 35. Ke2 Bd3+ 36. Rxd3 cxd3+ 37. Qxd3 Bf6 38. Rg1 Qc4 39. Qxc4 dxc4 40. Bc3
Rd8 41. Ke3 Rbd6 42. Rg4 h5 43. Re4 Rb8 44. a3 Rb1 45. Bb4 Rd5 46. Nc6 Rd3+ 47.
Ke2 Rb2+ 48. Ke1 c3 49. Nxe7 c2 50. Bd2 Rxd2 51. Kxd2 Bg5+ 0-1

[Event "Cto Aragón Equipos Div Honor Gr I"]
[Site "Aragon"]
[Date "2014.03.01"]
[Round "6.16"]
[White "Escuer Sanchez, Nestor"]
[Black "Sanchez Castro, Roberto"]
[Result "1/2-1/2"]
[WhiteElo "2047"]
[BlackElo "2012"]
[PlyCount "97"]
[EventDate "2014.??.??"]
[EventCountry "ESP"]
[WhiteTeam "L´Aurora Estadilla"]
[BlackTeam "IberCaja"]

1. d4 Nf6 2. Nf3 g6 3. g3 Bg7 4. Bg2 O-O 5. O-O d6 6. c4 Nbd7 7. Nc3 c6 8. b3
Re8 9. e4 e5 10. d5 Nc5 11. Re1 cxd5 12. cxd5 Bd7 13. b4 Na6 14. Qb3 Qb6 15.
Rb1 Ng4 16. Rf1 Bh6 17. h3 Bxc1 18. Rbxc1 Nf6 19. a3 Rec8 20. Nd2 Be8 21. Kh2
Qd8 22. Nc4 b6 23. f4 exf4 24. gxf4 Nh5 25. e5 Qh4 26. Ne2 b5 27. Nxd6 Rxc1 28.
Rxc1 Nxf4 29. Qg3 Qxg3+ 30. Nxg3 Nd3 31. Rc8 Rxc8 32. Nxc8 Nxe5 33. Nxa7 Nc4
34. Ne4 Nxa3 35. Nf6+ Kf8 36. d6 Nb8 37. Nxh7+ Kg7 38. Ng5 Bd7 39. Ne4 Nc2 40.
Bf1 Nxb4 41. Nxb5 N8a6 42. Nbc3 f5 43. Nd2 Kf6 44. Nc4 Ke6 45. Ne2 g5 46. Bg2
Nc2 47. Nc3 Nab4 48. Nd1 Bb5 49. Ndb2 1/2-1/2

[Event "Cto Aragón Equipos Div Honor Gr II"]
[Site "Aragon"]
[Date "2014.03.01"]
[Round "6.17"]
[White "Del Rey, Diego"]
[Black "Roche Simon, Manuel Angel"]
[Result "1-0"]
[WhiteElo "2373"]
[BlackElo "2142"]
[PlyCount "153"]
[EventDate "2014.??.??"]
[EventCountry "ESP"]
[WhiteTeam "El Olivar"]
[BlackTeam "Delicias"]

1. d4 d5 2. c4 e6 3. Nf3 Nf6 4. Nc3 Bb4 5. Bg5 Nbd7 6. cxd5 exd5 7. e3 h6 8.
Bxf6 Qxf6 9. Qb3 Qd6 10. a3 Ba5 11. Qb5 Bxc3+ 12. bxc3 O-O 13. c4 c6 14. Qb4
Qg6 15. cxd5 cxd5 16. Rc1 Re8 17. Qa4 Re6 18. g3 Rc6 19. Qd1 Qd6 20. Bb5 Rb6
21. Qa4 a6 22. Bd3 Rb2 23. O-O b5 24. Qa5 Nb6 25. Qc3 Ra2 26. Ra1 Rxa1 27. Rxa1
Be6 28. Qa5 Nc4 29. Qb4 Qc7 30. a4 bxa4 31. Rc1 Qb8 32. Qxa4 Nb2 33. Qa3 Nxd3
34. Qxd3 a5 35. Ne5 a4 36. Qa3 Qb5 37. Kg2 f6 38. Rc7 Re8 39. Ng6 Qb1 40. Ne7+
Kh7 41. Qxa4 Rb8 42. Qc2+ Qxc2 43. Rxc2 Rb7 44. Nc6 Bf5 45. Ra2 Bd7 46. Na5 Rc7
47. Rb2 Bf5 48. Nb7 g5 49. Nc5 g4 50. Rb6 Kg6 51. Rd6 Be4+ 52. Nxe4 dxe4 53. h4
h5 54. Kf1 Rc1+ 55. Ke2 Rc2+ 56. Ke1 Rc1+ 57. Kd2 Rf1 58. Ke2 Rc1 59. d5 Rc2+
60. Ke1 Rc1+ 61. Kd2 Rf1 62. Ke2 Ra1 63. Rc6 Ra2+ 64. Ke1 Ra1+ 65. Kd2 Ra2+ 66.
Kc3 Rxf2 67. d6 Kf7 68. Kd4 Ke6 69. Kxe4 f5+ 70. Kd4 Rd2+ 71. Kc5 Rc2+ 72. Kb6
Rd2 73. Kc7 Ke5 74. d7 Rxd7+ 75. Kxd7 Ke4 76. Ke6 Kf3 77. Kxf5 1-0

[Event "Cto Aragón Equipos Div Honor Gr II"]
[Site "Aragon"]
[Date "2014.03.01"]
[Round "6.18"]
[White "Llanes Luno, Pedro Alfredo"]
[Black "Chueca Forcen, Alberto"]
[Result "1/2-1/2"]
[WhiteElo "2127"]
[BlackElo "2326"]
[PlyCount "41"]
[EventDate "2014.??.??"]
[EventCountry "ESP"]
[WhiteTeam "Delicias"]
[BlackTeam "El Olivar"]

1. Nf3 Nc6 2. d4 d5 3. g3 Bf5 4. Bg2 Qd7 5. O-O Bh3 6. Bxh3 Qxh3 7. c4 e6 8.
cxd5 exd5 9. Bf4 O-O-O 10. Qa4 Bd6 11. Bxd6 Rxd6 12. b4 a6 13. Nc3 Nf6 14. b5
Ng4 15. bxa6 Rf6 16. axb7+ Kd7 17. Qb5 Rxf3 18. Qxd5+ Ke7 19. Qc5+ Kd8 20. Qd5+
Ke7 21. Qc5+ 1/2-1/2

[Event "Cto Aragón Equipos Div Honor Gr II"]
[Site "Aragon"]
[Date "2014.03.01"]
[Round "6.19"]
[White "Palacios Latasa, Elias"]
[Black "Naya Sancho, Jose Ignacio"]
[Result "0-1"]
[WhiteElo "2232"]
[BlackElo "2102"]
[PlyCount "86"]
[EventDate "2014.??.??"]
[EventCountry "ESP"]
[WhiteTeam "El Olivar"]
[BlackTeam "Delicias"]

1. e4 e5 2. Bc4 Nc6 3. Nc3 Nf6 4. d3 Na5 5. Bg5 c6 6. Qf3 Bb4 7. Nge2 Nxc4 8.
dxc4 d6 9. O-O h6 10. Bxf6 Qxf6 11. Qd3 g5 12. Rad1 Bg4 13. f3 Be6 14. a3 Ba5
15. Na4 Rd8 16. b4 Bc7 17. Qc3 Rg8 18. g4 h5 19. Ng3 h4 20. Nf5 Bxf5 21. exf5
Kf8 22. Rfe1 Kg7 23. Qb3 d5 24. cxd5 Qd6 25. c4 b5 26. Nc3 bxc4 27. Qb2 Bb6+
28. Kh1 Bd4 29. Rxd4 exd4 30. Ne4 Qxd5 31. Qd2 f6 32. Nxg5 Rge8 33. Re6 c3 34.
Qf4 d3 35. Rxe8 Rxe8 36. Qc7+ Kh6 37. Nf7+ Kg7 38. Ng5+ Kg8 39. Qh7+ Kf8 40.
Qh6+ Ke7 41. Qg7+ Kd8 42. Qxf6+ Kc8 43. Ne4 d2 0-1

[Event "Cto Aragón Equipos Div Honor Gr II"]
[Site "Aragon"]
[Date "2014.03.01"]
[Round "6.20"]
[White "Neila Castillo, Miguel Angel"]
[Black "Hernando Garcia, Antonio"]
[Result "1-0"]
[WhiteElo "2082"]
[BlackElo "2185"]
[PlyCount "79"]
[EventDate "2014.??.??"]
[EventCountry "ESP"]
[WhiteTeam "Delicias"]
[BlackTeam "El Olivar"]

1. c4 Nf6 2. Nf3 c6 3. g3 d5 4. Bg2 Bf5 5. cxd5 cxd5 6. Qb3 Qb6 7. Qxb6 axb6 8.
Nc3 e6 9. O-O h6 10. d3 Bc5 11. b3 Nbd7 12. Nb5 O-O 13. Bb2 Rfc8 14. Rfc1 Bh7
15. a3 Be7 16. b4 Kf8 17. Nd2 Rc6 18. Nd4 Rcc8 19. f4 Ke8 20. Nb5 Kd8 21. h3
Rxc1+ 22. Rxc1 Rc8 23. Rxc8+ Kxc8 24. Kf2 Ne8 25. e4 Bf6 26. Bxf6 Ndxf6 27. Ke3
dxe4 28. dxe4 Nd7 29. Nc4 f6 30. Kd4 Nb8 31. Nxb6+ Kd8 32. e5 Nc6+ 33. Bxc6
bxc6 34. Nd6 fxe5+ 35. fxe5 Bg6 36. Kc5 Kc7 37. a4 Nxd6 38. exd6+ Kb7 39. a5
Bd3 40. Nc4 1-0

[Event "Cto Aragón Equipos Div Honor Gr II"]
[Site "Aragon"]
[Date "2014.03.01"]
[Round "6.21"]
[White "Martinez Asensio, Juan Miguel"]
[Black "Adla, Diego"]
[Result "1/2-1/2"]
[WhiteElo "2095"]
[BlackElo "2471"]
[PlyCount "32"]
[EventDate "2014.??.??"]
[EventCountry "ESP"]
[WhiteTeam "Agrupacion"]
[BlackTeam "St. Casablanca"]

1. c4 e6 2. g3 d5 3. Bg2 c6 4. Nf3 dxc4 5. Na3 Bxa3 6. bxa3 Ne7 7. a4 c3 8. Ba3
c5 9. dxc3 Qa5 10. Qc2 Bd7 11. Ne5 Bxa4 12. Nc4 Qa6 13. Qd3 O-O 14. Nd6 Qxd3
15. exd3 Nd7 16. Nxb7 Rac8 1/2-1/2

[Event "Cto Aragón Equipos Div Honor Gr II"]
[Site "Aragon"]
[Date "2014.03.01"]
[Round "6.22"]
[White "Glavina, Pablo"]
[Black "Carretero Cacho, Juan Jose"]
[Result "1-0"]
[WhiteElo "2444"]
[BlackElo "2066"]
[PlyCount "65"]
[EventDate "2014.??.??"]
[EventCountry "ESP"]
[WhiteTeam "St. Casablanca"]
[BlackTeam "Agrupacion"]

1. d4 c5 2. d5 Nf6 3. Nf3 g6 4. g3 d6 5. Bg2 b5 6. b4 Bg7 7. Bb2 cxb4 8. Nd4
Bb7 9. O-O O-O 10. e4 Nbd7 11. Nd2 Nb6 12. Qe2 Na4 13. Qxb5 Qd7 14. Nc6 Nxb2
15. Qxb4 e6 16. Qxb2 Nxe4 17. Qb4 exd5 18. Na5 Rab8 19. Rab1 Bc3 20. Nxe4 Bxb4
21. Nf6+ Kg7 22. Nxd7 Bxa5 23. Nxb8 Rxb8 24. Bxd5 Bb6 25. Bxb7 Rxb7 26. Rfe1
Kf6 27. Kg2 Rc7 28. Re2 Rc4 29. Rb3 Rc7 30. a4 Kg7 31. Rb5 Rc4 32. a5 Bc5 33.
Rb7 1-0